Vista normal Vista MARC

Entrada Personal Name

Número de registros utilizados en: 4

001 - CONTROL NUMBER

  • control field: 14256

003 - CONTROL NUMBER IDENTIFIER

  • control field: OSt

005 - DATE AND TIME OF LATEST TRANSACTION

  • control field: 20210302144657.0

008 - FIXED-LENGTH DATA ELEMENTS

  • fixed length control field: 210302|| aca||aabn | a|a d

040 ## - CATALOGING SOURCE

  • Original cataloging agency: OSt
  • Transcribing agency: OSt

100 ## - HEADING--PERSONAL NAME

  • Personal name: Bonivento Fernández, José Alejandro

670 ## - SOURCE DATA FOUND

  • Source citation: Work cat.: (OSt): Bonivento Fernández, José Alejandro, autor, Los principales contratos civiles : , 1989